Penser les médias / (Record no. 72573)

MARC details
000 -LEADER
campo de control de longitud fija 00507nam a2200193 4500
001 - NÚMERO DE CONTROL
campo de control 2884
005 - FECHA Y HORA DE LA ÚLTIMA TRANSACCIÓN
campo de control 20230410124158.0
008 - DATOS DE LONGITUD FIJA--INFORMACIÓN GENERAL
campo de control de longitud fija 060907n1986 dr spa
020 ## - NÚMERO INTERNACIONAL ESTÁNDAR DEL LIBRO
Número Internacional Estándar del Libro 270711619X
035 ## - NÚMERO DE CONTROL DEL SISTEMA
-- funglode2894
041 ## - CÓDIGO DE IDIOMA
Código de lengua del texto/banda sonora o título independiente FR
050 14 - SIGNATURA TOPOGRÁFICA DE LA BIBLIOTECA DEL CONGRESO
Número de clasificación P 90 M435p 1986
100 ## - ENTRADA PRINCIPAL--NOMBRE DE PERSONA
Nombre de persona Mattelart, Armand
245 1# - MENCIÓN DEL TÍTULO
Título Penser les médias /
Mención de responsabilidad, etc. Armand et Michéle Mattelart
260 ## - PUBLICACIÓN, DISTRIBUCIÓN, ETC.
Lugar de publicación, distribución, etc. Paris :
Nombre del editor, distribuidor, etc. Editions La Découverte,
Fecha de publicación, distribución, etc. 1986
300 ## - DESCRIPCIÓN FÍSICA
Extensión 255 p.
700 ## - ENTRADA AGREGADA--NOMBRE PERSONAL
Nombre de persona Mattelart, Michéle
942 ## - ELEMENTOS DE ENTRADA SECUNDARIOS (KOHA)
Fuente del sistema de clasificación o colocación Clasificación de Library of Congress
Tipo de ítem Koha
Holdings
Estatus retirado Estado de pérdida Fuente del sistema de clasificación o colocación Estado de daño No para préstamo Colección Biblioteca de origen Biblioteca actual Ubicación en estantería Fecha de adquisición Serial enumeration / chronology Signatura topográfica completa Código de barras Visto por última vez Tipo de ítem Koha
    Clasificación de Library of Congress     Humanidades Biblioteca Juan Bosch Biblioteca Juan Bosch Humanidades (4to. Piso) 25/10/2018 1 P 90 M435p 1986 00000011990 25/10/2018